[Event "AUTO-INT-2463"]
[Site "http://www.queenalice.com/game.php?id=1113468"]
[Date "2012.10.17"]
[Round "1"]
[White "agilulfo"]
[Black "roc93"]
[Result "1-0"]
[WhiteElo "1682"]
[BlackElo "1377"]

1. d4 d5 2. c4 e6 3. Nc3 c6 4. Nf3 Nf6 5. Bg5 Be7 6. e3 Ne4 7. Bxe7 Qxe7 8. Bd3
Nd7 9. Bxe4 dxe4 10. Nxe4 Nb6 11. c5 Nc4 12. Qc2 b5 13. O-O O-O 14. b3 Na3 15.
Qc1 Ba6 16. Qxa3 b4 17. Qxa6 Rfc8 18. Ne5 Qe8 19. Nd6 Qd8 20. Nxc6 Qc7 21. Nxc8
Rxc8 22. Ne7+ Kf8 23. Qxc8+ Qxc8 24. Nxc8 f5 25. Nxa7 Ke7 26. Nc6+ Kd7 27. Nxb4
g6 28. a4 Kc7 29. a5 Kb7 30. a6+ Ka7 31. Nc6+ Ka8 32. b4 h5 33. b5 g5 34. b6 f4
35. b7# 1-0

[Event "AUTO-INT-2463"]
[Site "http://www.queenalice.com/game.php?id=1113469"]
[Date "2012.10.17"]
[Round "1"]
[White "roc93"]
[Black "code_5541"]
[Result "0-1"]
[WhiteElo "1377"]
[BlackElo "1629"]

1. d4 Nf6 2. Nf3 d5 3. Nc3 Bf5 4. Bf4 e6 5. Ne5 Bd6 6. e3 O-O 7. Be2 Qe8 8. Bb5
c6 9. Ba4 Nbd7 10. Nc4 Bxf4 11. exf4 Qd8 12. O-O b5 13. Nxb5 cxb5 14. Bxb5 Rb8
15. Nd6 Ne4 16. Bd3 Nxd6 17. b3 Bxd3 18. Qxd3 Qf6 19. g3 Qf5 20. Qb5 Nxb5 21.
Rae1 Qxc2 22. a4 Nc3 23. Rc1 Qxb3 24. Ra1 Nxa4 25. Rfe1 Qc3 26. Rad1 Qf3 27. h4
Rb2 28. Rf1 Rfb8 29. Rc1 h6 30. Rc7 R8b7 31. Rcc1 R7b4 32. Kh2 Rxf2+ 33. Rxf2
Qxf2+ 34. Kh3 Rxd4 35. Rc7 Rd3 36. Rxd7 Qxg3# 0-1

[Event "AUTO-INT-2463"]
[Site "http://www.queenalice.com/game.php?id=1113470"]
[Date "2012.10.17"]
[Round "1"]
[White "code_5541"]
[Black "roc93"]
[Result "1-0"]
[WhiteElo "1643"]
[BlackElo "1367"]

1. e4 e5 2. Nf3 Bc5 3. Bc4 f6 4. d3 Nc6 5. Be3 b6 6. Bxc5 bxc5 7. Nc3 d6 8. Qd2
Nd4 9. Nxd4 exd4 10. Ne2 Rb8 11. Qc1 Ne7 12. O-O Nc6 13. c3 Ne5 14. cxd4 cxd4
15. Nxd4 Rb4 16. b3 Nxd3 17. Qb1 Qd7 18. Qxd3 c5 19. Nc2 Rb6 20. a4 Bb7 21. f3
Kd8 22. Rab1 Re8 23. Rfd1 g6 24. Na3 Bc6 25. Nb5 d5 26. exd5 Re5 27. dxc6 Rxc6
28. Qxd7# 1-0

[Event "Challenge"]
[Site "http://www.queenalice.com/game.php?id=1113744"]
[Date "2012.10.18"]
[Round "-"]
[White "pacou93"]
[Black "roc93"]
[Result "1-0"]
[WhiteElo "1825"]
[BlackElo "1370"]

1. e4 e5 2. Nf3 Nf6 3. Bc4 Bc5 4. O-O O-O 5. d3 Nc6 6. Bg5 d6 7. Nc3 Nd4 8. Nd5
Bd7 9. Bxf6 gxf6 10. c3 Nb5 11. a4 c6 12. axb5 cxd5 13. Bxd5 Qb6 14. Qb3 Bxb5
15. c4 Bd7 16. Qxb6 Bxb6 17. Bxb7 Rab8 18. Bd5 Bg4 19. Nh4 Be2 20. Rfc1 Bxd3 21.
Nf5 Rfd8 22. Nh6+ Kf8 23. Nxf7 Rd7 24. Nh6 Bd4 25. Ra6 Rxb2 26. Rd1 Bxf2+ 27.
Kh1 Bc2 28. Rf1 Bd4 29. Nf5 Bc5 30. h3 Bd3 31. Rd1 Be2 32. Rc1 h5 33. Ng3 Bf3
34. gxf3 Rg7 35. Nxh5 Bd4 36. Nxg7 Kxg7 37. Rxd6 a5 38. Rd7+ Kg6 39. Bf7+ Kh6
40. c5 Rb8 41. c6 Bb6 42. Rb7 Rf8 43. Bd5 Bd4 44. c7 Rc8 45. Rb8 Rxb8 46. cxb8=Q
Be3 47. Rg1 Bg5 48. Rxg5 Kxg5 49. Qg8+ Kf4 50. h4 Kxf3 51. Qe6 a4 52. Qxf6+ Ke3
53. Qxe5 a3 54. h5 a2 55. h6 a1=Q+ 56. Qxa1 Kf4 57. h7 Kg5 58. h8=Q Kf4 59.
Qae5+ Ke3 60. Qg3+ Ke2 61. Qb2+ Kd1 62. Qg1# 1-0

[Event "AUTO-OPEN-2845"]
[Site "http://www.queenalice.com/game.php?id=1122986"]
[Date "2012.11.16"]
[Round "1"]
[White "edsonjob"]
[Black "roc93"]
[Result "1-0"]
[WhiteElo "1608"]
[BlackElo "1338"]

1. c4 c5 2. Nc3 d6 3. e4 e5 4. Be2 Nf6 5. d3 Nc6 6. Nf3 Nd4 7. h3 Bd7 8. O-O Be7
9. Nd5 O-O 10. Bg5 Nxe2+ 11. Qxe2 h6 12. Be3 a6 13. Qe1 Ba4 14. b3 Nxd5 15. exd5
Bf6 16. Rc1 Bd7 17. Nd2 Bf5 18. Ne4 Bh4 19. Qd2 Re8 20. b4 b6 21. b5 axb5 22. g3
bxc4 23. Nc3 Bxh3 24. Rfe1 Bg5 25. Ne4 Ra3 26. Rc3 Ra4 27. Bxg5 hxg5 28. Nxg5
Qf6 29. Nxh3 e4 30. Rxe4 Qd8 31. Rcxc4 Rxc4 32. Rxc4 b5 33. Re4 Qd7 34. Kg2 c4
35. Ng5 f6 36. Rxe8+ 1-0

[Event "AUTO-OPEN-2845"]
[Site "http://www.queenalice.com/game.php?id=1122987"]
[Date "2012.11.16"]
[Round "1"]
[White "roc93"]
[Black "edsonjob"]
[Result "0-1"]
[WhiteElo "1408"]
[BlackElo "1616"]

1. d4 d5 2. e3 Nf6 3. Nc3 Bf5 4. Bd3 Bxd3 5. Qxd3 e6 6. Qb5+ c6 7. Qxb7 Nbd7 8.
Qxc6 Qc8 9. Qa4 a6 10. Nf3 h6 11. Ne5 Bd6 12. O-O O-O 13. h3 Nxe5 14. dxe5 Bxe5
15. Rd1 Rd8 16. Bd2 d4 17. exd4 Rxd4 18. Qb3 Rb8 19. Qa3 Rdb4 20. Na4 Bd6 21. b3
Rd4 22. Qb2 e5 23. Be3 Rxd1+ 24. Rxd1 Ne4 25. Qxe5 Bxe5 26. Rd5 f6 27. Ra5 Qxc2
28. Rxa6 Qd1# 0-1

[Event "AUTO-OPEN-2845"]
[Site "http://www.queenalice.com/game.php?id=1123017"]
[Date "2012.11.16"]
[Round "1"]
[White "Zyxisto"]
[Black "roc93"]
[Result "0-1"]
[WhiteElo "1128"]
[BlackElo "1369"]

1. e4 e5 2. Nf3 d6 3. Bc4 Be7 4. Nc3 Nf6 5. Bb5+ c6 6. Be2 Qb6 7. d3 Ng4 8. d4
O-O 9. O-O Be6 10. Na4 Qa5 0-1

[Event "AUTO-OPEN-2845"]
[Site "http://www.queenalice.com/game.php?id=1123018"]
[Date "2012.11.16"]
[Round "1"]
[White "roc93"]
[Black "J_Ricardo"]
[Result "0-1"]
[WhiteElo "1333"]
[BlackElo "1559"]

1. d4 e6 2. e4 b6 3. Nf3 Bb7 4. Bc4 Bxe4 5. Nc3 Qf6 6. Be2 g6 7. Nxe4 Qe7 8. Ne5
d6 9. Nc4 d5 10. Ncd6+ cxd6 11. Ng5 Bg7 12. Bf4 Nd7 13. Qd3 e5 14. Bg3 Qxg5 15.
O-O Ne7 16. Qa6 O-O 17. Qb7 Nf6 18. Qxe7 Rfe8 19. Qxd6 Rad8 20. Qc7 Rc8 21. Qxa7
exd4 22. Qxb6 Rxc2 23. Qxd4 Rcxe2 24. Qa4 Nh5 25. f4 Nxf4 26. h4 Qxg3 27. Qxe8+
Rxe8 28. Rf2 Bd4 29. Kf1 Qxf2# 0-1

[Event "AUTO-OPEN-2845"]
[Site "http://www.queenalice.com/game.php?id=1123019"]
[Date "2012.11.16"]
[Round "1"]
[White "J_Ricardo"]
[Black "roc93"]
[Result "1-0"]
[WhiteElo "1554"]
[BlackElo "1371"]

1. e4 e5 2. Nf3 Nc6 3. d3 Nf6 4. Nc3 d6 5. Be3 Bg4 6. Be2 Nd4 7. Nxd4 exd4 8.
Bxd4 c5 9. Be3 Qa5 10. Bxg4 Be7 11. Bd2 O-O 12. Nd5 Nxd5 13. Bxa5 b6 14. Bd2 Nf4
15. Bxf4 Rfe8 16. Bf5 Bf6 17. c3 h6 18. Qg4 Kf8 19. Bxd6+ Be7 20. Be5 Bg5 21.
Bd6+ Be7 22. Be5 Bg5 23. h4 f6 24. hxg5 fxe5 25. gxh6 gxh6 26. Rxh6 Re7 27. Rh8+
Kf7 28. Qg6# 1-0

[Event "AUTO-INT-2488"]
[Site "http://www.queenalice.com/game.php?id=1123225"]
[Date "2012.11.17"]
[Round "1"]
[White "TomasBlack"]
[Black "roc93"]
[Result "1-0"]
[WhiteElo "1665"]
[BlackElo "1341"]

1. d4 d5 2. f3 e6 3. e4 Nc6 4. exd5 Qxd5 5. c3 Nf6 6. Bd2 Bd6 7. Qb3 O-O 8. Bc4
Qf5 9. g4 Qg6 10. Na3 Na5 11. Qb5 b6 12. b4 a6 13. Qa4 Bd7 14. Qd1 Nd5 15. Qb1
Nxc4 16. Nxc4 Bf4 17. Qxg6 fxg6 18. Ne2 Bc6 19. Ne5 Bb5 20. Rf1 Bxh2 21. c4 Ba4
22. cxd5 Rf4 23. Bxf4 Bxf4 24. Nxf4 Bb5 25. Rf2 Rf8 26. Nxe6 Rf6 27. Nxc7 h6 28.
Nxb5 axb5 29. Rc1 Rf8 30. Rfc2 g5 31. Ng6 Rxf3 32. Rc8+ Kf7 33. Ne5+ Ke7 34.
Nxf3 Kd6 35. Rd8+ Ke7 36. Rcc8 Kf6 37. d6 Ke6 38. d7 1-0

[Event "AUTO-INT-2488"]
[Site "http://www.queenalice.com/game.php?id=1123226"]
[Date "2012.11.17"]
[Round "1"]
[White "roc93"]
[Black "TomasBlack"]
[Result "0-1"]
[WhiteElo "1344"]
[BlackElo "1662"]

1. d4 d5 2. e3 Nf6 3. Nf3 Bg4 4. h3 Bxf3 5. Qxf3 g6 6. Nc3 c6 7. Bd3 e6 8. O-O
Nbd7 9. Ne2 Bd6 10. Nf4 Qc7 11. Bd2 a6 12. Rfe1 Qb6 13. b3 O-O-O 14. Qe2 h5 15.
a4 e5 16. Bc3 exf4 17. exf4 Rde8 18. Qd2 Qc7 19. Re2 Re6 20. Rae1 Rhe8 21. f5
Bf4 22. Qd1 Rxe2 23. Bxe2 Ne4 24. Qd3 Ndf6 25. Bb4 a5 26. Ba3 b5 27. axb5 cxb5
28. Qxb5 gxf5 29. Bxh5 Nc3 30. Bxf7 Nxb5 31. Bxe8 Nxa3 32. Re2 Qd8 33. Ba4 Qc7
34. Re8+ Nxe8 35. Bxe8 Qe7 36. g3 Qe1+ 37. Kg2 Qxe8 0-1

[Event "AUTO-INT-2488"]
[Site "http://www.queenalice.com/game.php?id=1123243"]
[Date "2012.11.17"]
[Round "1"]
[White "roc93"]
[Black "BigOli1724"]
[Result "0-1"]
[WhiteElo "1400"]
[BlackElo "1431"]

1. d4 d5 2. e3 Nf6 3. Nf3 e6 4. Nc3 Be7 5. Ne5 Bd6 6. Bb5+ c6 7. Ba4 O-O 8. O-O
Nbd7 9. Ne2 Nxe5 10. dxe5 Bxe5 11. Nc3 Nd7 12. f4 Bf6 13. Bd2 e5 14. fxe5 Nxe5
15. Ne2 Qd6 16. Nf4 Bd7 17. Bb3 Qc5 18. Nd3 Qd6 19. Qe2 Bg4 20. Qf2 Nxd3 21.
cxd3 Bxb2 22. Rab1 Be5 23. h3 Bh5 24. Qh4 Be2 25. Rf2 Bxd3 26. Rbf1 Bxf1 27.
Rxf1 Qa3 28. Bc2 Qxa2 0-1

[Event "AUTO-INT-2488"]
[Site "http://www.queenalice.com/game.php?id=1123244"]
[Date "2012.11.17"]
[Round "1"]
[White "BigOli1724"]
[Black "roc93"]
[Result "1-0"]
[WhiteElo "1446"]
[BlackElo "1385"]

1. d4 d5 2. Nc3 c6 3. e3 Nf6 4. Nf3 Bf5 5. Be2 e6 6. O-O Ne4 7. Bd3 Ng5 8. Bxf5
exf5 9. Nxg5 Qxg5 10. Qf3 Bd6 11. e4 Qh4 12. exf5 Qxd4 13. Be3 Qb4 14. Rab1 O-O
15. Rbd1 Qxb2 16. Rd2 Qxc3 17. Re1 Re8 18. Rde2 h6 19. Qh5 Nd7 20. Qg4 Nf6 21.
Qf3 Qa3 22. Ra1 Ne4 23. Qg4 Nc3 24. Ree1 f6 25. Bxh6 Re7 26. Rxe7 g5 27. Rg7+
Kf8 28. Rd7+ Ke8 29. Rxd6 Qxd6 30. Re1+ Kd7 31. Qh5 1-0

[Event "AUTO-INT-2488"]
[Site "http://www.queenalice.com/game.php?id=1123245"]
[Date "2012.11.17"]
[Round "1"]
[White "roc93"]
[Black "Koukin"]
[Result "0-1"]
[WhiteElo "1353"]
[BlackElo "1539"]

1. d4 e6 2. e4 b6 3. Nc3 Bb7 4. Nf3 h6 5. Bb5 a6 6. Ba4 Be7 7. Ne5 c6 8. Qf3 Bf6
9. Ng4 Qe7 10. e5 Bg5 11. O-O b5 12. Bb3 h5 13. Ne3 d6 14. d5 cxd5 15. Ned1 d4
16. Qg3 f6 17. Re1 dxe5 18. h3 dxc3 19. Nxc3 Nc6 20. h4 Bxc1 21. Raxc1 Nd4 22.
a3 Nh6 23. Qg6+ Kd7 24. Qxh5 Rae8 25. g3 Nf3+ 26. Kf1 Nxe1 27. Qd1+ Kc8 28. Qxe1
Qc5 29. Rd1 Qc6 0-1

[Event "AUTO-INT-2488"]
[Site "http://www.queenalice.com/game.php?id=1123246"]
[Date "2012.11.17"]
[Round "1"]
[White "Koukin"]
[Black "roc93"]
[Result "1-0"]
[WhiteElo "1530"]
[BlackElo "1362"]

1. e4 e5 2. b3 d6 3. Bb2 Nf6 4. d3 Bg4 5. Be2 Nc6 6. Bxg4 Nd4 7. c3 Nxg4 8. cxd4
Qh4 9. g3 Qh5 10. dxe5 dxe5 11. Nf3 Bb4+ 12. Bc3 Bc5 13. d4 Bb6 14. Nbd2 O-O 15.
Qc2 exd4 16. Bxd4 Bxd4 17. Rc1 Nxf2 18. Rf1 Rfe8 19. Ke2 Re7 20. Qc4 Rxe4+ 21.
Nxe4 Be5 22. Rxf2 h6 23. Kf1 Qh3+ 24. Ke2 Qd7 25. Nxe5 Re8 26. Nxd7 Re7 27. Nc5
b6 28. Na6 g6 29. Rcf1 1-0

[Event "Challenge"]
[Site "http://www.queenalice.com/game.php?id=1126774"]
[Date "2012.11.29"]
[Round "-"]
[White "roc93"]
[Black "Zorg"]
[Result "1-0"]
[WhiteElo "1391"]
[BlackElo "1391"]

1. d4 d5 2. Nf3 Nc6 3. Nc3 Bf5 4. Bf4 a6 5. e3 e6 6. Ne5 Nxe5 7. Bxe5 h5 8. Be2
Qg5 9. O-O c6 10. Na4 Qd8 11. Nb6 Qxb6 12. Bxh5 Rc8 13. b3 Qd8 14. h3 1-0

[Event "Challenge"]
[Site "http://www.queenalice.com/game.php?id=1133593"]
[Date "2012.12.22"]
[Round "-"]
[White "pacou93"]
[Black "roc93"]
[Result "1-0"]
[WhiteElo "1760"]
[BlackElo "1356"]

1. e4 e5 2. Nf3 Nc6 3. d4 Bb4+ 4. c3 Ba5 5. d5 Nce7 6. Bc4 d6 7. O-O c5 8. Bg5
f6 9. Bh4 Nh6 10. Nbd2 Ng4 11. h3 Nh6 12. Bb5+ Bd7 13. Bxd7+ Qxd7 14. Nc4 b6 15.
Nxa5 Qb5 16. Nb7 Qd7 17. Nxd6+ Qxd6 18. c4 O-O 19. Qa4 Nc8 20. a3 Nf7 21. b4 Ne7
22. b5 Ng6 23. Qb3 Nxh4 24. Nxh4 Ng5 25. Nf5 Qd7 26. Qe3 Qe8 27. f4 Nf7 28. fxe5
Nxe5 29. Rac1 a6 30. a4 a5 31. Qg3 g6 32. Nh6+ Kg7 33. Ng4 h5 34. Nxe5 fxe5 35.
Rxf8 Qxf8 36. Qxe5+ Qf6 37. Qc7+ Qf7 38. Qxb6 Qa7 39. Qxa7+ Rxa7 40. Rf1 Re7 41.
Re1 Kh6 42. e5 g5 43. d6 Re8 44. e6 g4 45. d7 Rd8 46. hxg4 hxg4 47. e7 Rxd7 48.
e8=Q Rg7 49. Re6+ Kh7 50. Qh5+ Kg8 51. Re8# 1-0

[Event "Challenge"]
[Site "http://www.queenalice.com/game.php?id=1133594"]
[Date "2012.12.22"]
[Round "-"]
[White "roc93"]
[Black "pacou93"]
[Result "1-0"]
[WhiteElo "1326"]
[BlackElo "1789"]

1. d4 Nc6 2. Nf3 d5 3. Bf4 Bg4 4. h3 Bxf3 5. exf3 e6 6. Nc3 Bb4 7. Bb5 Bxc3+ 8.
bxc3 Ne7 9. O-O O-O 10. Rb1 a6 11. Ba4 f6 12. Rxb7 e5 13. Bh2 Na5 14. Rb4 Rb8
15. dxe5 fxe5 16. Bxe5 Ng6 17. Re1 Nxe5 18. Rxe5 Nc4 19. Rxd5 Nd6 20. Bb3 Kh8
21. Qd3 Rxb4 22. cxb4 Qf6 23. Qxa6 g6 24. Qc6 Qe7 25. Qc3+ Qg7 26. Qxg7+ Kxg7
27. a3 Ra8 28. Ra5 Rb8 29. Ra7 Rc8 30. a4 Kh6 31. Be6 Re8 32. Bg4 Re1+ 33. Kh2
Re2 34. Kg3 Rxc2 35. a5 Nb5 36. Rb7 Nd6 37. a6 Nxb7 38. axb7 c5 39. b8=Q cxb4
40. Qxb4 1-0

[Event "REIDID93"]
[Site "http://www.queenalice.com/game.php?id=1150719"]
[Date "2013.2.11"]
[Round "1"]
[White "roc93"]
[Black "enzoiazo"]
[Result "0-1"]
[WhiteElo "1360"]
[BlackElo "1992"]

1. d4 d5 2. Nf3 Nf6 3. Bf4 Bf5 4. Nc3 c6 5. e3 e6 6. Ne5 Nbd7 7. Bd3 Bxd3 8.
Qxd3 Bb4 9. O-O O-O 10. a3 Bxc3 11. Qxc3 Ne4 12. Qd3 Nxe5 13. Bxe5 f6 14. Bf4 b5
15. f3 Nd6 16. b4 Nc4 17. Rab1 a5 18. c3 Nxa3 19. Rb3 axb4 20. Rxb4 Nc4 21. g4
Ra2 22. Qb1 Qa5 23. Re1 Nd2 24. Qd1 Nc4 25. Re2 Rxe2 26. Qxe2 Ra8 27. Rb1 Qxc3
28. Rf1 Ra3 29. Kg2 Nxe3+ 30. Bxe3 Qxe3 31. Rf2 Kf7 32. f4 Qxd4 0-1

[Event "Challenge"]
[Site "http://www.queenalice.com/game.php?id=1151401"]
[Date "2013.2.13"]
[Round "-"]
[White "roc93"]
[Black "principio1"]
[Result "1-0"]
[WhiteElo "1354"]
[BlackElo "1363"]

1. d4 d6 2. Nf3 Nf6 3. Bf4 c6 4. c3 e5 5. Bg5 Be7 6. e3 Ne4 7. Qe2 Bxg5 8. Nbd2
Nxd2 9. Qxd2 Bf6 10. Bc4 Be6 11. Bd3 Nd7 12. O-O Bh3 13. gxh3 O-O 14. Rae1 Re8
15. c4 exd4 16. exd4 Nf8 17. b3 Ne6 18. d5 cxd5 19. cxd5 Nc5 20. Bc2 Qd7 21. Kg2
a5 22. Re2 Qb5 23. Rfe1 a4 24. Nd4 Qd7 25. Nf5 g6 26. Nh6+ Kg7 27. Ng4 axb3 28.
Qh6+ Kg8 29. Nxf6+ Kh8 30. Qxh7# 1-0

[Event "Challenge"]
[Site "http://www.queenalice.com/game.php?id=1164454"]
[Date "2013.3.24"]
[Round "-"]
[White "pacou93"]
[Black "roc93"]
[Result "1-0"]
[WhiteElo "1746"]
[BlackElo "1358"]

1. e4 Nf6 2. e5 e6 3. exf6 Qxf6 4. Nf3 d5 5. Nc3 Bc5 6. d4 Bb6 7. Be3 Nc6 8. Bb5
Bd7 9. O-O a6 10. Bxc6 Bxc6 11. a4 O-O 12. b4 a5 13. b5 Bd7 14. Re1 Rfe8 15. Qd3
Re7 16. Bg5 Qf5 17. Qxf5 exf5 18. Bxe7 Re8 19. Nxd5 g6 20. Nxb6 cxb6 21. Bf6 Re6
22. Rxe6 Bxe6 23. Re1 Kf8 24. Ng5 Bd7 25. Nxh7+ Kg8 26. Ng5 f4 27. Re7 1-0

[Event "Challenge"]
[Site "http://www.queenalice.com/game.php?id=1164455"]
[Date "2013.3.24"]
[Round "-"]
[White "roc93"]
[Black "pacou93"]
[Result "0-1"]
[WhiteElo "1356"]
[BlackElo "1748"]

1. d4 Nf6 2. Nf3 d6 3. Bf4 Bf5 4. e3 a6 5. Bc4 Ne4 6. Bd3 e6 7. Ng5 e5 8. dxe5
dxe5 9. Bxe5 Qxg5 10. Qf3 Nc6 11. Bxc7 Nd6 12. Nc3 Bxd3 13. cxd3 Nb5 14. O-O
Nxc7 15. Rfc1 Ne6 16. Nd5 Bd6 17. Rc4 O-O 18. Nf4 Nxf4 19. exf4 Qb5 20. f5 Qxb2
21. Rcc1 Nd4 22. Rab1 Qxa2 23. Qxb7 Ne2+ 24. Kf1 Nxc1 25. Rxc1 Rfe8 26. g3 Qe2+
27. Kg2 Qxd3 0-1